Les Simpson - Habitants de Springfield (100 personnages) - Statistiques

Statistiques générales
  • Ce quiz a été pris 216 fois
  • Le résultat moyen est 36 sur 100
Statistiques - réponses
Famille Indice Réponse % Correct
Famille Simpson le fils Bart
100%
Famille Simpson le père Homer
100%
Famille Simpson la fille Lisa
100%
Famille Simpson la mère Marge
100%
Famille Simpson le bébé Maggie
99%
Famille Flanders le père Ned
96%
Famille Simpson le grand-père Abraham
94%
Famille Van Houten le fils Milhouse
84%
Famille Bouvier la sœur jumelle 2 Selma
83%
Famille Bouvier la sœur jumelle 1 Patty
81%
Famille Wiggum le fils Ralph
78%
Famille Flanders la mère Maude
77%
Famille Flanders le fils cadet Todd
76%
La centrale nucléaire Carlson Carl
75%
La taverne Szyslak Moe
75%
Famille Flanders le fils aîné Rod
75%
Famille Nahasapeemapetilon le mari Apu
74%
La centrale nucléaire Leonard Lenny
74%
La classe de Bart Muntz Nelson
71%
Les professeurs Krapabelle Edna
68%
La taverne Gumble Barney
67%
Le personnel de l'école le chauffeur de bus Otto
67%
Famille Skinner / Chalmers le principal Seymour
64%
Le personnel de l'école le jardinnier Willie
64%
La classe de Bart Prince Martin
60%
Les animateurs TV Brockman Kent
57%
Famille Burns le milliardaire Charles
56%
Famille Wiggum le père Clancy
55%
Famille Quimby le maire Joe
51%
Famille Van Houten le père Kirk
49%
Famille Nahasapeemapetilon la femme Manjula
48%
Famille Lovejoy la mère Helen
46%
Les brutes Jones Jimbo
46%
Les célébrités McClure Troy
44%
Famille Skinner / Chalmers sa mère Agnès
43%
Les médecins Hibbert Julius
43%
Les médecins Riviera Nick
42%
Les méchants Ziff Artie
40%
Famille Lovejoy le père Timothy
40%
La centrale nucléaire Smithers Waylon
40%
Famille Van Houten la mère Luann
39%
Les ratés Taupeman Hans
37%
Les célébrités Sloane Sara
33%
La classe de Lisa Mackleberry Sherry
31%
Famille Bouvier la grand-mère Jacqueline
30%
Famille Wiggum la mère Sarah
30%
La classe de Lisa Mackleberry Terry
30%
Les figures de la ville Springfield Jebediah
29%
Les brutes Starbeam Dolph
28%
Les récurrents Spuckler Cletus
27%
Les brutes Zzyzwicz Kearney
26%
Les pseudonymes Albertson, le vendeur de BD Jeff
24%
Les ratés Hutz Lionel
24%
Le personnel de l'école la cantinière Doris
23%
Les professeurs Hoover Elizabeth
22%
Famille Skinner / Chalmers le superintendant Gary
22%
Famille Lovejoy la fille Jessica
20%
Les animateurs TV Monroe Marvin
20%
Les criminels Crowley Jack
19%
Les retraités Beardley Jasper
19%
Les méchants Scorpio Hank
18%
Famille Terwilliger son frère Cécil
17%
Les musiciens Gencives Sanglantes Murphy
17%
Les figures de la ville Stacy Malibu
16%
Famille Nahasapeemapetilon le frère Sanjay
15%
Famille Burns son fils adoptif Larry
14%
Les célébrités Wolfcastle Rainier
14%
Famille Terwilliger Tahiti Bob Robert
14%
Les extras de la ville Kwan Cookie
13%
Les récurrents Tatum Drederick
12%
Divertissement Krustovsky, le clown Herschel
11%
Les extras de la ville Patterson Ray
11%
Les professeurs Largo Dewey
10%
Les pseudonymes Abernaty, la folle aux chats Eleanor
10%
Le tribunal Naegle Lindsey
9%
La taverne Duffman Barry
8%
La classe de Lisa Powell Janey
8%
Les extras de la ville Banner Rex
8%
Le tribunal Snyder Roy
8%
La classe de Bart Borton Wendell
8%
Famille Quimby son neveu Freddy
7%
Les pseudonymes McCallister, le capitaine Horatio
7%
Les figures de la ville Meyers Roger
6%
Les retraités Glick Alice
5%
Le tribunal Harm Constance
5%
Famille Terwilliger son fils Gino
5%
Famille Quimby sa femme Martha
5%
Famille Burns sa mère Daphné
4%
Divertissement Krustovsky, son père Hyman
4%
Les récurrents Frink Jonathan
4%
Divertissement Van Horne Melvin
4%
Les retraités Simmons Béatrice
3%
Les méchants Brunswick Jacques
3%
Les musiciens Lumpkin Lurleen
3%
Les criminels Turley Chester
2%
Les animateurs TV Talbot Chloe
2%
Les ratés Freedman Jeremy
2%
Les médecins Pryor Loren
2%
Les criminels Botzkowski Lucille
2%
Les musiciens Jordan Rachel
2%
Aucun quiz correspondant
Distribution des résultats
% des personnes avec chaque résultat
Percentile par nombre de réponses
Votre historique - résultats
Vous n’avez pas pris ce quiz